000 00341nam a22001453 4500
001 206994
005 20250910130747.0
090 _a206994
100 _a20250910 ukry50
101 _aukr
102 _aUA
200 _a
210 _d2025
801 _2unimarc
_aUA
_gpsbo
942 _cNEWSPAPER